Library of the University of Algiers 3
Ibrahim Sultan Cheibout
شعار جامعة الجزائر 3
مكتبة جامعة الجزائر 3
إبراهيم سلطان شيبوط

مبادئ التنظيم والادارة / (رقم التسجيلة. 41903)

تفاصيل مارك
000 -LEADER
fixed length control field 02697nam a2200229Ia 4500
003 - CONTROL NUMBER IDENTIFIER
control field Ost
005 - DATE AND TIME OF LATEST TRANSACTION
control field 20260507074938.0
008 - FIXED-LENGTH DATA ELEMENTS--GENERAL INFORMATION
fixed length control field 260507s9999||||xx |||||||||||||| ||und||
020 ## - INTERNATIONAL STANDARD BOOK NUMBER
International Standard Book Number 9957181181
040 ## - CATALOGING SOURCE
Transcribing agency fsecg
041 ## - LANGUAGE CODE
Language code of text/sound track or separate title ara
082 ## - DEWEY DECIMAL CLASSIFICATION NUMBER
Classification number 658
100 ## - MAIN ENTRY--PERSONAL NAME
Personal name الصيرفي، محمدعبد الفتاح
Relator term مؤلف
245 #0 - TITLE STATEMENT
Title مبادئ التنظيم والادارة /
Statement of responsibility, etc. محمدعبد الفتاح الصيرفي
260 ## - PUBLICATION, DISTRIBUTION, ETC.
Place of publication, distribution, etc. عمان:
Name of publisher, distributor, etc. دار المناهج,
Date of publication, distribution, etc. 2006
300 ## - PHYSICAL DESCRIPTION
Extent 337 صفحة؛
Other physical details إيضاحات ؛
Dimensions 24 سم
504 ## - BIBLIOGRAPHY, ETC. NOTE
Bibliography, etc. note بيبليوغرافيا ص. 323
520 ## - SUMMARY, ETC.
Summary, etc. أتي هذا الكتاب الذي يقصد به إثارة اهتمام القارئ بالمبادئ والأسس الإدارية. والكتاب لا يأتي بجديد في الأصول والمبادئ العلمية، ولكنه جديد كل الجدّة في أسلوب العرض الشائق والجذاب والذي قصد منه إثارة اهتمام القارئ الى جانب ذلك فقد كان لدى المؤلف أهداف ثلاثة تحكمت في عرضه لمختلف موضوعات كتابه التي كانت كالتالي المقدمة-الفصل الأول : ماهية الإدارة : مفهوم الإدارة : خصائص الإدارة : أهمية الإدارة : أهداف الإدارة : المهارات الإدارية : المبادئ الإدارية : الإدارة بين الفن والعلم : مهنية الإدارة : مسؤوليات الإدارة : البيئة الإدارية-الفصل الثاني : النظريات الإدارية : مفهوم النظرية : أهمية النظرية الإدارية : معايير النظرية : مصادر بناء النظرية الإدارية : معوقات قبول النظرية الإدارية : نظريات الإدارة : النظريات الإدارية الحديثة-الفصل الثالث : التخطيط : مفهوم التخطيط : مبادئ التخطيط : أهمية التخطيط : العوامل المؤثرة على التخطيط : أبعاد التخطيط : مداخل التخطيط -الفصل الرابع : التنظيم : مفهوم التنظيم : مبادئ التنظيم- الفصل الخامس : التوجيه الإبداعي : مبادئ التوجيه : أهمية التوجيه : شروط نجاح التوجيه : خطوات التوجيه-الفصل السادس : الرقابة الإبداعية : مفهوم الرقابة : أهداف النظام الرقابي : خصائص الرقابة : العملية الرقابية.
653 ## - INDEX TERM--UNCONTROLLED
Uncontrolled term ادارة
653 ## - INDEX TERM--UNCONTROLLED
Uncontrolled term ادارة اعمال
942 ## - ADDED ENTRY ELEMENTS (KOHA)
Koha item type كتب
المقتنيات
Withdrawn status Lost status Source of classification or shelving scheme Damaged status Not for loan Home library Current library Date acquired Serial enumeration / chronology Inventory number Total checkouts Full call number Barcode Date last seen Price effective from Koha item type
    Dewey Decimal Classification   NOT LOAN / إعارة داخلية مكتبة كلية العلوم الإقتصادية والعلوم التجارية وعلوم التسيير مكتبة كلية العلوم الإقتصادية والعلوم التجارية وعلوم التسيير 07/05/2026 الطابق الأرضي 3220   أ/2744ن1 3220 07/05/2026 07/05/2026 كتب
    Dewey Decimal Classification   Available مكتبة كلية العلوم الإقتصادية والعلوم التجارية وعلوم التسيير مكتبة كلية العلوم الإقتصادية والعلوم التجارية وعلوم التسيير 07/05/2026 الطابق الأرضي 3221   أ/2744ن2 3221 07/05/2026 07/05/2026 كتب
    Dewey Decimal Classification   Available مكتبة كلية العلوم الإقتصادية والعلوم التجارية وعلوم التسيير مكتبة كلية العلوم الإقتصادية والعلوم التجارية وعلوم التسيير 07/05/2026 الطابق الأرضي 3222   أ/2744ن3 3222 07/05/2026 07/05/2026 كتب
    Dewey Decimal Classification   Available مكتبة كلية العلوم الإقتصادية والعلوم التجارية وعلوم التسيير مكتبة كلية العلوم الإقتصادية والعلوم التجارية وعلوم التسيير 07/05/2026 الطابق الثاني 3223   أ/2744ن4 3223 07/05/2026 07/05/2026 كتب
    Dewey Decimal Classification   Available مكتبة كلية العلوم الإقتصادية والعلوم التجارية وعلوم التسيير مكتبة كلية العلوم الإقتصادية والعلوم التجارية وعلوم التسيير 07/05/2026 الطابق الثاني 3224   أ/2744ن5 3224 07/05/2026 07/05/2026 كتب
    Dewey Decimal Classification   Available مكتبة كلية العلوم الإقتصادية والعلوم التجارية وعلوم التسيير مكتبة كلية العلوم الإقتصادية والعلوم التجارية وعلوم التسيير 07/05/2026 مكتبة بن عكنون 3225   أ/2744ن6 3225 07/05/2026 07/05/2026 كتب
    Dewey Decimal Classification   Available مكتبة كلية العلوم الإقتصادية والعلوم التجارية وعلوم التسيير مكتبة كلية العلوم الإقتصادية والعلوم التجارية وعلوم التسيير 07/05/2026 مكتبة بن عكنون 3226   أ/2744ن7 3226 07/05/2026 07/05/2026 كتب
    Dewey Decimal Classification   Available مكتبة كلية العلوم الإقتصادية والعلوم التجارية وعلوم التسيير مكتبة كلية العلوم الإقتصادية والعلوم التجارية وعلوم التسيير 07/05/2026 مكتبة بن عكنون 3227   أ/2744ن8 3227 07/05/2026 07/05/2026 كتب

موارد الويب المفتوحة


© University of Algiers 3 All Rights Reserved
|
Implemented by LECHELAH Riad